000
00261nam a2200109Ia 4500
008
190914s9999||||xx |||||||||||||| ||und||
100
_a
Harry S. Dent
245
4
_a
The Roaring 2000s
260
_a
New York
_b
Addison-Wesley Inc.
_c
1996
300
_a
152
942
_c
BK
999
_c
9138
_d
9138